Switzerland's Largest Listed Companies - SMI - Statistics

General Stats
  • This quiz has been taken 45 times
  • The average score is 7 of 20
Answer Stats
Rank Company Industry Canton % Correct
1 Nestlé Food Vaud
100%
2 Roche Pharmaceutical Basel
74%
6 UBS Banks Zurich/Basel
74%
3 Novartis Pharmaceutical Basel
71%
5 Zurich Insurance Insurance Zurich
68%
13 Swisscom Telecommunications Bern
52%
19 Logitech Computer hardwareand software Vaud
32%
7 ABB Electrical equipment Zurich
26%
17 Geberit Sanitary engineering St. Gallen
23%
12 Holcim Building materials St. Gallen
23%
20 Kuehne + Nagel Logistics Schwyz
23%
8 Lonza Chemistry Basel
23%
15 Swiss Re Insurance Zurich
23%
4 Richemont Luxury Goods Geneva
19%
18 Swiss Life Insurance Zurich
19%
11 Givaudan Chemistry Geneva
16%
14 Partners Group Private equity Zug
16%
9 Sika Chemistry Zug
16%
10 Alcon Pharmaceutical Fribourg
13%
16 Sonova Medical devices Zurich
13%
No matching quizzes found
Score Distribution
Percent of People with Each Score
Percentile by Number Answered
Your Score History
You have not taken this quiz